000 00774nas a2200265 4500
001 BR2016003732
003 BR-BrBNA
005 20231205130605.0
007 ta
008 230509b bl.|||p| |||| 00| 00por d
040 _aBR-BrBNA
_bpor
_cBiblioteca Nacional de Agricultura
041 _a(Pt)
072 _aQ04
100 1 _aMello, D.C. de
245 1 _aQualidade nutricional do café orgânico
650 _aAGRICULTURA ORGÂNICA
650 _aCAFÉ
650 _aANÁLISE ORGANOLÉPTICA
650 _aCOMPOSIÇÃO QUÍMICA
650 _aQUALIDADE
650 _aCONSUMIDOR
773 0 _tHigiene Alimentar (Brazil)
_xISSN 0101-9171
_g(May-Jun 2016), v. 30(256-257) p. 26-32
_wBR2016003732
909 _a202311
_bLúcia
_c55
_dLúcia Elande
942 _2AGRIS
_n0
_cANA
999 _c250231
_d250231